Democracy and education /

Manylion Llyfryddiaeth
Prif Awdur: John Dewey
Fformat: Anhysbys
Cyhoeddwyd: True Sign Publishing House,
LEADER 00225 a2200097 4500
020 |a 9789355842831 
100 |a John Dewey.  |9 60728 
245 |a Democracy and education / 
260 |b True Sign Publishing House, 
942 |c BK 
999 |c 47953  |d 47953